Statistiche per Anagrammi dei Calciatori - Quiz n°31

Clicka qui per fare il quiz!

Statistiche generali

  • Questo quiz è stato fatto 2 volte
  • Il punteggio medio è 4 su 10

Statistiche sulle risposte

AnagrammaCalciatore% Corretto
ggisgGiggs
100%
klmiiMilik
100%
rwerneWerner
100%
mcealpblCampbell
50%
attgiGatti
50%
mnaabeygauAubameyang
0%
tsgcanaeCastagne
0%
ereiynsEn-Nesyri
0%
ngieetlGentile
0%
erqsamauQuaresma
0%

Distribuzione punteggi

Percentile per numero di risposta

Percentuale di utenti per punteggio

I tuoi punteggi nel tempo

Non hai fatto questo quiz